| 000 | 00694nam a2200217Ia 4500 | ||
|---|---|---|---|
| 001 | 27666 | ||
| 003 | AR-BaAGN | ||
| 005 | 20231116141942.0 | ||
| 007 | ta | ||
| 008 | 211213s1918 xx |||||||||||||| ||spa d | ||
| 040 |
_dAR-BaAGN _aAR-BaAGN _bspa _eaacr |
||
| 100 | _aCrotto, José Camilo | ||
| 245 | 1 | 0 |
_aDiscursos pronunciados por el senador nacional y candidato a la gobernación Dr. José Camilo Crotto / _cJosé Camilo Crotto |
| 260 |
_a[Lugar de publicación no identificado] : _bComité Nacional de la Unión Civica Radical, _c[1918] |
||
| 300 | _a185 páginas | ||
| 336 |
_2rdacontent _btxt |
||
| 337 |
_2rdamedia _bn |
||
| 338 |
_2rdacarrier _bnc |
||
| 942 | _cLIBRO | ||
| 999 |
_c27666 _d27666 |
||